Cumbres borrascosas /
Guardado en:
| Autor Principal: | |
|---|---|
| Formato: | Libro |
| Idioma: | Undetermined |
| Publicado: |
Caseros :
Gradifco,
2008.
|
| Edición: | 1era. ed. |
| Series: | Colección Robe / Plus
|
| Materias: | |
| Etiquetas: |
Agregar Etiqueta
Sin Etiquetas, Sea el primero en etiquetar este registro!
|
| LEADER | 00603nam a22002175a 4500 | ||
|---|---|---|---|
| 001 | CEM.cems021250 | ||
| 008 | 240626s2008####xx############000#0#und#d | ||
| 005 | 20240626112447.0 | ||
| 245 | 1 | 0 | |a Cumbres borrascosas / |c Brontë, Emily. |
| 250 | |a 1era. ed. | ||
| 260 | |a Caseros : |b Gradifco, |c 2008. | ||
| 300 | |a 320 p ; |c 25 cm. | ||
| 490 | 1 | |a Colección Robe / Plus | |
| 020 | |a 9789875710566 | ||
| 100 | 1 | |a Brontë, Emily. | |
| 082 | 0 | 4 | |a 823 |
| 653 | |a Literatura | ||
| 653 | |a Novela inglesa | ||
| 653 | |a Novelas | ||
| 653 | |a Literatura inglesa | ||
| 859 | |a CEMS |b BIB. CEMS - Agricultura |h 823 |i B789 |p A3690.24 |t Ej.1 | ||
